01043 2200361 4500001002100000005001500021035002000036007000300056040001700059100003200076245008200108250001100190300003900201504002600240020002200266041000800288082001200296084001800308090002200326264004500348336002100393337003000414338002300444650001300467700002800480850001000508008004100518500003000559990002300589990002300612990002300635990002300658INLIS00000000000834320260526105529 a0010-0922000832ta aSBPUPADbind0 aKhusnul KhotimahePengarang1 aSehat dan Lezat :bMenu Untuk Penderita Diabetes Mellitus /cKhusnul Khotimah a.-Ed,1 ax, 197 hlm :bilus ;c14,5 x 21 cm aBibliografi, hlm. 193 a978-979-29-4439-607aInd a616.462 a616.462 KHU s a636.2 ARI k L19-8 a.--Yogyakarta :bRapha Publishing,c2014 2rdacontentateks 2rdamediaatanpa perantara 2rdacarrieravolume 4aDiabetes0 aEditor, MayaePengarang aPUPAD260526 0  aTentang Penulis, hlm. 195 a22.821/KAPD/2016/B a22.822/B/KAPD/2016 a22.822/KAPD/2016/B a22.820/KAPD/2016/B